Actuaciones básicas en emergencia, evacuación y autoprotección (Registro nro. 3845)
[ vista simple ]
| 000 -Cabecera | |
|---|---|
| Campo de control de longitud fija | 00675aam a2200253 4500 |
| 005 - Fecha y hora de la última transacción | |
| Campo de control | 20250919181600.0 |
| 008 - Elementos de longitud fija--Información general | |
| Campo de control de longitud fija | 150310b2007 xxu||||| |||| 00| 0 spa d |
| 020 ## - International Standard Book Number | |
| Número Internacional Estándar del Libro (ISBN) | 9788473602594 |
| 041 ## - Idioma | |
| Código de idioma | Español |
| 082 ## - Clasificación Decimal Dewey | |
| Número de clasificación | 617.026 S194a |
| 100 ## - Entrada principal--Autor personal | |
| Nombre personal | Sam Jaime García, Agustín |
| 9 (RLIN) | 17531 |
| 245 ## - Título propiamente dicho | |
| Título | Actuaciones básicas en emergencia, evacuación y autoprotección |
| 260 ## - Pie de imprenta | |
| Lugar de publicación, distribución, etc. | México |
| 260 ## - Pie de imprenta | |
| Nombre del editor, distribuidor, etc. | Editorial Tébar |
| 260 ## - Pie de imprenta | |
| Fecha de publicación, distribución, etc. | 2008 |
| 300 ## - Descripción física | |
| Extensión | 226 páginas |
| 490 ## - Serie | |
| Título de la Serie | Temática General |
| 650 ## - Materia general | |
| Temática (materia general) | PRIMEROS AUXILIOS |
| 650 ## - Materia general | |
| Temática (materia general) | EMERGENCIAS |
| 650 ## - Materia general | |
| Temática (materia general) | EVACUACIÓN |
| 650 ## - Materia general | |
| Temática (materia general) | SIMULACROS |
| 650 ## - Materia general | |
| Temática (materia general) | ACCIDENTES AUTOMOVILÍSTICOS |
| 942 ## - Punto de acceso adicional KOHA | |
| Tipo de ítem KOHA | Libro |
| Fuente del sistema de clasificación o colocación | Dewey Decimal Classification |
| Signatura completa | Código de barras | Programa Académico | Tipo de ítem |
|---|---|---|---|
| 617.026 S194a | 18865 | Libro |